000 00388nam a22001577a 4500
003 CEME
005 20210628202348.0
008 210104b xxu||||| |||| 00| 0 eng d
040 _cceme
082 _a297.1227 TAS
100 _aAllama Waheed Dul Zaman
_959558
245 _aSahi bukhari sharif
260 _aLAHORE
_bZIA IHSAN PUBLISHERS
_c1990
300 _a06 VOLS
942 _cBK
_2ddc
999 _c569505
_d569505